Normal view
MARC view
Entry Topical Term
001 - CONTROL NUMBER
- control field: 4984
003 - CONTROL NUMBER IDENTIFIER
- control field: HDC
005 - DATE AND TIME OF LATEST TRANSACTION
- control field: 20230624073208.0
008 - FIXED-LENGTH DATA ELEMENTS
- fixed length control field: 210117|| aca||aabn | a|a d
040 ## - CATALOGING SOURCE
- Original cataloging agency: HDC
- Transcribing agency: HDC
150 ## - HEADING--TOPICAL TERM
- Topical term or geographic name entry element: religious orientation
670 ## - SOURCE DATA FOUND
- Source citation: Work cat.: (HDC): Ida Rizyani Tahir author 2328, The Role Of Religious Orientation In The Business Performance Of Women Owned Firms: A Preliminary Study In Malaysia Halal Food Industry / by , 2013
